000 00759nam a2200265 a 4500
999 _c2835
_d2835
006 a||||go||d| 00| 0
007 cr |||||||||||
008 861201s2013 enka o 001 0 eng d
020 _a9780080982878
_c(ebook)
040 _aKO
_beng
044 _aenk
082 0 4 _223
_a623.81
100 1 _aBiran, Adrian
245 1 2 _aShip hydrostatics and stability /
_cAdrian Biran and Ruben Lopez-Pulido
250 _aSecond edition.
264 1 _aLondon :
_bButterworth-Heinemann,
_c2013.
300 _a1 online resource
500 _aIncludes index.
650 0 _aShips
_x Hydrodynamics
700 _aLopez-Pulido, Ruben
_eaut
856 4 0 _uhttps://www.sciencedirect.com/science/book/9780080982878
904 _aA_BOSE
942 _cEB